Sobibor / (Registro nro. 2378)

Detalles MARC
000 -LEADER
fixed length control field 00529cam a2200181 a 4500
008 - CAMPO DE CONTROL (LIBRO)
fixed length control field 161215t2010 mx ||||g |||| 00| f spa d
020 ## - INTERNATIONAL STANDARD BOOK NUMBER
ISBN 9789702008576
041 ## - CODIGO DE IDIOMA
Código de idioma del texto/pista de sonido o título separado spa
092 ## - SIGNATURA TOPOGRAFICA DEWEY LOCAL
número de clasificación 808
libristica 53
sección MOL
100 1# - ENTRADA PRINCIPAL--NOMBRE PERSONAL
Nombre personal Molla, Jean
9 (RLIN) 4322
245 ## - TITULO PROPIAMENTE DICHO
Título Sobibor /
Mención de responsabilidad y remanente de la transcripción de la portada Jean Molla
250 ## - MENCION DE EDICION
Mención de edición 1a ed.
Mención de responsabilidad relacionada con la ed. Traducción Josefina Anaya
260 ## - PIE DE IMPRENTA
Lugar de publicación, distribución, etc México:
Nombre de la editorial, distribuidor, etc Castillo de la Lectura;
Fecha de publicación 2010.
300 ## - DESCRIPCION FISICA
Extension 190 p.
500 ## - NOTA GENERAL
Nota general Molla, J. (2010). Sobibor. (1a ed.). México : Castillo de la Lectura.
655 ## - MATERIA - GENERO/FORMA
Género/Forma Novela
-- 3091
942 ## - ADDED ENTRY ELEMENTS (KOHA)
Source of classification or shelving scheme Dewey Decimal Classification
Item type LITERATURA
Existencias
Estado de retiro Existencia Fuente de clasificación Estado general No para prestamo Colección Ubicación permanente ubicación actual Sala de ubicación Fecha de adquisición Fuente de adquisición Total Checkouts Total Renewals Número de clasificación Código de barras Date last seen Date last borrowed Número de ejemplar Price effective from Koha tipo de elemento (item) Public note Coded location qualifier
    Dewey Decimal Classification     Fiction Biblioteca Medicina Biblioteca Medicina Circulación 02/03/2017 Donacion Lautaro Campos, Junio 2025 9 5 808 53 MOL 3831 23/06/2025 01/08/2024 Ej.1 02/03/2017 LITERATURA Donación Lautaro Campos, Junio 2025. Sede Tordos.  

UNIVERSIDAD NACIONAL DEL COMAHUE
Biblioteca de la Facultad de Ciencias Médicas
Sede Toschi: Los Arrayanes y Av. Toschi, Cipolletti  - Rio Negro
Sede Los Tordos:  Yrigoyen al 2211, Cipolletti - Rio Negro 

Teléfono: 0299 - 4774707 int 25
Contacto: biblioteca@facimed.uncoma.edu.ar
© 2011 - 2026